| 000 | 00522nam a22001577a 4500 | ||
|---|---|---|---|
| 999 |
_c19764 _d19764 |
||
| 008 | 240319b ||||| |||| 00| 0 eng d | ||
| 020 | _a0306803666 | ||
| 082 |
_aDC 973.3 _bA12 1989 |
||
| 100 |
_aAlden, John R. _955039 |
||
| 245 |
_aA history of the American revolution / _cJohn R. Alden. |
||
| 260 |
_aNew York : _bDa Capo Press, Inc., _c©1989. |
||
| 300 |
_avii, 541 pages : _billustrations ; _c23 cm. |
||
| 500 | _aIncludes index. | ||
| 650 |
_zUnited States _xHistory _xRevolution, 1775-1783. _955040 |
||
| 942 |
_2ddc _cDC |
||